Implementing the Landfill Directive (Record no. 70858)

MARC details
000 -LEADER
fixed length control field 00980cam a2200229 4500
001 - CONTROL NUMBER
control field ABS65786
008 - FIXED-LENGTH DATA ELEMENTS--GENERAL INFORMATION
fixed length control field 020731n2002 000 0 eng u
035 ## - SYSTEM CONTROL NUMBER
System control number (Sirsi) u119125
100 ## - MAIN ENTRY--PERSONAL NAME
Personal name James, B
245 ## - TITLE STATEMENT
Title Implementing the Landfill Directive
260 ## - PUBLICATION, DISTRIBUTION, ETC.
Date of publication, distribution, etc. 2002
490 ## - SERIES STATEMENT
Series statement Wastes Management
Volume/sequential designation July 2002, 24-25(2)
520 ## - SUMMARY, ETC.
Summary, etc. Overview of the development of the Landfill Directive, the notion of waste hierarchy, the key directive provisions and reduction target options. Looks at implementation issues in the UK where about 50% of all waste has to go to landfill or incineration. Considers in particular reducing landfilling of biodegradable waste and ensuring the collection, treatment and use of landfill gases.
590 ## - LOCAL NOTE (RLIN)
Local note ABS
650 ## - SUBJECT ADDED ENTRY--TOPICAL TERM
Topical term or geographic name entry element DIRECTIVE 99/31/EC
650 ## - SUBJECT ADDED ENTRY--TOPICAL TERM
Topical term or geographic name entry element BIODEGRADABLE WASTE
650 ## - SUBJECT ADDED ENTRY--TOPICAL TERM
Topical term or geographic name entry element LANDFILL
650 ## - SUBJECT ADDED ENTRY--TOPICAL TERM
Topical term or geographic name entry element INCINERATION
650 ## - SUBJECT ADDED ENTRY--TOPICAL TERM
Topical term or geographic name entry element LANDFILL GASES
690 ## - LOCAL SUBJECT ADDED ENTRY--TOPICAL TERM (OCLC, RLIN)
Topical term or geographic name as entry element ENVIRONMENTAL AND LAND CONSULTANCY-WASTE MANAGEMENT
942 ## - ADDED ENTRY ELEMENTS (KOHA)
Suppress in OPAC 0
Holdings
Withdrawn status Lost status Source of classification or shelving scheme Damaged status Not for loan Home library Current library Shelving location Date acquired Total Checkouts Full call number Barcode Date last seen Copy number Price effective from Koha item type
    Dewey Decimal Classification     London London Journal article 31/07/2002   ABS65786 119125-1001 06/08/2019 1 06/08/2019 Journal article